| 000 | 00421nam a2200181Ia 4500 | ||
|---|---|---|---|
| 005 | 20250603144545.0 | ||
| 008 | 250603s9999 xx 000 0 und d | ||
| 020 | _a9781627038928 | ||
| 050 | _aRA 1057 .K43/ | ||
| 100 | _aKhan, JaVed | ||
| 245 | 0 | _aBasic principles of forensic chemistry | |
| 260 | _aNew York | ||
| 260 | _bHumana Press | ||
| 260 | _c2012 | ||
| 300 | _a353 p | ||
| 650 | _aNew York | ||
| 942 | _cBK | ||
| 999 |
_c39275 _d39275 |
||